| 000 | 00467cam a22001457a 4500 | ||
|---|---|---|---|
| 008 | 180718b1992 xxu||||| |||| 00| 0 eng d | ||
| 082 | _aT3942x54 Ak77 | ||
| 100 | _aAksoy, M. Ataman | ||
| 245 |
_aProtection and industrial structure in India _cby M. Ataman Aksoy and Francois M. Ettori |
||
| 260 |
_aWashington, D.C. _bIBRD _c1992 |
||
| 300 | _a50p. | ||
| 440 | _aWorking Papers WPS 990 | ||
| 650 | _aFree Trade and Protection - India | ||
| 700 | _aEttori, Francois M. | ||
| 999 |
_c226441 _d226441 |
||